zpět

Detail výsledku týmu

Infinity c&c bar, Zlín

Datum a čas kvízu

45.5 Celkem bodů Celkový počet nahraných bodů na tomto kvízu bez doplňovacích otázek.
2. Pořadí na kvízu Konečné umístění týmu na tomto kvízu.

Zaznamenané odpovědi

# Otázka Odpověď Body Výsledky
1. V nemocniční lékárně v jistém... C 1
2. Greta Thunberg opět protestova... v Norsku 0
3. V sobotu se v pražském Rudolfi... Arvéd, Podezření 0.5
4. I pouhým okem byla minulý týde... Venuše, Jupiter 0.5
5. Minulý týden padl ve sportovní... Steffi Graf 0
6. Další díl našeho nepravidelnéh... F. D. Roosevelt, W. Churchill 0.5
7. V roce 1943 vedly sovětská a n... Charkov 0
8. V první polovině roku 1943 též... Guadalcanal 0
9. V červenci 1943 se spojenecké... Sicílie 1
10. V roce 1943 se definitivně roz... D) palma 1